Jalones de la Historia de la Salvación en el Antiguo y Nuevo Testamento / (Record no. 84138)

MARC details
000 -LEADER
campo de control de longitud fija 00557nam a2200157 i 4500
001 - NÚMERO DE CONTROL
campo de control 84138
003 - IDENTIFICADOR DE NÚMERO DE CONTROL
campo de control ES-MaACL
005 - FECHA Y HORA DE LA ÚLTIMA TRANSACCIÓN
campo de control 20230906174943.0
007 - CAMPO FIJO DE DESCRIPCIÓN FÍSICA--INFORMACIÓN GENERAL
campo de control de longitud fija t|
008 - DATOS DE LONGITUD FIJA--INFORMACIÓN GENERAL
campo de control de longitud fija 041119s1969 sp ||||1| spa d
245 00 - MENCIÓN DEL TÍTULO
Título Jalones de la Historia de la Salvación en el Antiguo y Nuevo Testamento /
Mención de responsabilidad, etc. XXVI Semana Bíblica Española [Madrid 6-11 Sept. 1965].
260 ## - PUBLICACIÓN, DISTRIBUCIÓN, ETC.
Lugar de publicación, distribución, etc. Madrid :
Nombre del editor, distribuidor, etc. Instituto Francisco Suárez,
Fecha de publicación, distribución, etc. 1969.
300 ## - DESCRIPCIÓN FÍSICA
Extensión 2 v. ;
Dimensiones 26 cm.
711 2# - ENTRADA AGREGADA--NOMBRE DE REUNIÓN
Nombre de congreso/reunión o jurisdicción como elemento de entrada Semana Bíblica Española (
Número del congreso/reunión o número de parte o sección 26ª.
Fecha del congreso o de la firma del tratado 1965.
Sede del congreso/Lugar de la reunión Madrid)
9 (RLIN) 972
852 ## - LOCALIZACIÓN
Ubicación ES-MaACL
Número de control de estantería C-41808-9
Sublocalización o colección R.73086
Holdings
Estatus retirado Estado de pérdida Estado de daño No para préstamo Biblioteca de origen Biblioteca actual Ubicación en estantería Fecha de adquisición Fuente de adquisición Total de préstamos Signatura topográfica completa Código de barras Visto por última vez Precio de reemplazo Tipo de ítem Koha
        Biblioteca del Ateneo de Madrid Biblioteca del Ateneo de Madrid Depósito 2 17/01/2008     C-41808-9 1087931 23/02/2023 23/02/2023 Libro impreso